00546nam a2200169Ia 4500008004100000020001800041041000800059082001600067100001600083245005200099250000600151260004200157300001300199650001500212999001900227952013000246210716s2008 xx 000 0 und d a9788120335615 aeng a658.02 SAPR aSapru, R K. aAdministrative theories and management thought. a2 aNew DelhibPHI Learning Pvt Ltdc2008 axxii,518 aMANAGEMENT c203381d203381 00102ddc40738MBAaAIMITbAIMITd2009-03-17g375.00l0o658.02 SAPRpMBA05947r2025-07-21 00:00:00v300.00w2021-07-16yBK